Logo BPK

Biblioteka

Politechniki Koszalińskiej

Sygnały cyfrowe : (Rekord nr 20474)

Szczegóły MARC
000 -ETYKIETA REKORDU
podpole kontrolne o stałej długości 01948nam a2200553 i 4500
001 - NUMER KONTROLNY REKORDU
pole kontrolne 20474
003 - IDENTYFIKATOR NUMERU KONTROLNEGO REKORDU
podpole kontrolne KOSZ 005
005 - DATA OSTATNIEJ MODYFIKACJI REKORDU
podpole kontrolne 20221123103954.0
008 - POLE O STAŁEJ DŁUGOŚCI - DANE KONTROLNE
podpole kontrolne o stałej długości 991116s1982 pl a |001 0 pol
015 ## - NUMER BIBLIOGRAFII NARODOWEJ
Numer bibliografii narodowej UWD 1982/2284
020 ## - MIĘDZYNARODOWY ZNORMALIZOWANY NUMER KSIĄŻKI - ISBN
ISBN 8320403979
035 ## - NUMER SYSTEMOWY
Numer systemowy przejętego rekordu 991011971819705066
035 ## - NUMER SYSTEMOWY
Numer systemowy przejętego rekordu (PL-WaBN)b13247141-48omnis_nlop
035 ## - NUMER SYSTEMOWY
Numer systemowy przejętego rekordu b13247141
035 ## - NUMER SYSTEMOWY
Numer systemowy przejętego rekordu (OCoLC)750504939
035 ## - NUMER SYSTEMOWY
Numer systemowy przejętego rekordu xx001598798
035 ## - NUMER SYSTEMOWY
Numer systemowy przejętego rekordu (PL)b0000001324714
035 ## - NUMER SYSTEMOWY
Numer systemowy przejętego rekordu (EXLNZ-48OMNIS_NETWORK)9910396318305606
040 ## - ŹRÓDŁO KATALOGOWANIA
Instytucja, która sporządziła opis WA N
Instytucja, która utworzyła rekord WA N
Instytucja, która dokonała modyfikacji KOSZ 005/HR
041 1# - KOD JĘZYKA
Kod języka tekstu pol
Kod języka oryginału eng
046 ## - DATY KODOWANE
Pojedyncza data lub początek okresu powstania dzieła lub zbioru dzieł 1982
080 ## - UNIWERSALNA KLASYFIKACJA DZIESIĘTNA - UKD
UKD 621.3.037.37
080 ## - UNIWERSALNA KLASYFIKACJA DZIESIĘTNA - UKD
UKD 621.391
080 ## - UNIWERSALNA KLASYFIKACJA DZIESIĘTNA - UKD
UKD 534.86
245 00 - TYTUŁ/ODPOWIEDZIALNOŚĆ
Tytuł Sygnały cyfrowe :
Ciąg dalszy tytułu przetwarzanie i zastosowania /
Pozostałe elementy strefy tytułu i oznaczenia odpowiedzialności pod red. Alana V. Oppenheima ; z ang. tł. Andrzej Lizoń, Maria Tajchert, Ewa Adamowicz.
246 1# - WARIANT TYTUŁU
Treść wyrażenia wprowadzającego Tyt. oryg.:
Tytuł Applications of digital :
Ciąg dalszy tytułu signal processing,
Numeracja zeszytu 1978
260 ## - STREFA ADRESU WYDAWNICZEGO
Miejsce wydania Warszawa :
Nazwa wydawcy/dystrybutora Wydawnictwa Naukowo-Techniczne,
Data publikacji, dystrybucji/powstania dokumentu 1982.
300 ## - STREFA OPISU FIZYCZNEGO
Objętość 218, [2] s. :
Inne cechy fizyczne il. wykr. ;
Rozmiary 24 cm.
336 ## - TYP ZAWARTOŚCI
Termin opisujący typ zawartości Tekst
Kod określający zawartość txt
Źródło (terminu i kodu) rdacontent
337 ## - TYP MEDIÓW
Tryb odtwarzania Bez urządzenia pośredniczącego
Kod typu mediów n
Źródło (terminu i kodu) rdamedia
338 ## - TYP/RODZAJ NOŚNIKA
Hasło opisujące typ nośnika Wolumin
Kod typu nośnika nc
Źródło (terminu i kodu) rdacarrier
380 ## - FORMA I TYP PUBLIKACJI
Forma i typ publikacji Książki
388 ## - CZAS POWSTANIA
Czas powstania 1901-2000
388 ## - CZAS POWSTANIA
Czas powstania 1945-1989
504 ## - UWAGA DOTYCZĄCA BIBLIOGRAFII
Informacje o bibliografii Bibliogr. przy rozdz.. - Indeks.
650 #7 - HASŁO PRZEDMIOTOWE W FORMIE NAZWY OGÓLNEJ LUB JEDNOSTKOWEJ
Nazwa ogólna lub geograficzna Elektroakustyka
Źródło hasła lub terminu DBN
650 #7 - HASŁO PRZEDMIOTOWE W FORMIE NAZWY OGÓLNEJ LUB JEDNOSTKOWEJ
Nazwa ogólna lub geograficzna Przetwarzanie danych
Źródło hasła lub terminu DBN
650 #7 - HASŁO PRZEDMIOTOWE W FORMIE NAZWY OGÓLNEJ LUB JEDNOSTKOWEJ
Nazwa ogólna lub geograficzna Transmisja danych
Źródło hasła lub terminu DBN
650 #7 - HASŁO PRZEDMIOTOWE W FORMIE NAZWY OGÓLNEJ LUB JEDNOSTKOWEJ
Nazwa ogólna lub geograficzna Układ cyfrowy
Źródło hasła lub terminu DBN
658 ## - TERMIN INDEKSOWY - PRZEDMIOT PROGRAMU NAUCZANIA
Główny przedmiot programu nauczania Inżynieria i technika
700 1# - HASŁO DODATKOWE - NAZWA OSOBOWA
Nazwa osobowa Bugańska-Adamowicz, Ewa
Określenie związku między hasłem a opisywanym materiałem Tłumaczenie
700 1# - HASŁO DODATKOWE - NAZWA OSOBOWA
Nazwa osobowa Lizoń, Andrzej
Określenie związku między hasłem a opisywanym materiałem Tłumaczenie
700 1# - HASŁO DODATKOWE - NAZWA OSOBOWA
Nazwa osobowa Oppenheim, Alan V.
Określenie związku między hasłem a opisywanym materiałem Redakcja
700 1# - HASŁO DODATKOWE - NAZWA OSOBOWA
Nazwa osobowa Tajchert, Maria
Określenie związku między hasłem a opisywanym materiałem Tłumaczenie
710 2# - HASŁO DODATKOWE - NAZWA CIAŁA ZBIOROWEGO
Nazwa ciała zbiorowego lub jednostki geograficznej Wydawnictwa Naukowo-Techniczne
Kod określenia powiązania pbl
856 ## - LOKALIZACJA I DOSTĘP DO ELEKTRONICZNYCH DOKUMENTÓW ZDALNYCH
Link (URL) http://koha.tu.koszalin.pl/cgi-bin/koha/opac-detail.pl?biblionumber=20474
Tekst linku Katalog online BPK
942 ## - DODATKOWE ELEMENTY (KOHA)
Schemat klasyfikacji Uniwersalna Klasyfikacja Dziesiętna
Typ dokumentu Książka
Egzemplarze
Wycofany Status egzemplarza Uszkodzony Dostępność Lokalizacja stała Lokalizacja bieżąca Numer ubytku Sygnatura Kod kreskowy Ostatnio wypożyczono Typ dokumentu Miejsce przechowywania
  Egz. niedostępny   Niedostępny Biblioteka Politechniki Koszalińskiej Biblioteka Politechniki Koszalińskiej 12277 28848 01026429 24.02.2015 Książka  
      Dostępny Biblioteka Politechniki Koszalińskiej Biblioteka Politechniki Koszalińskiej   28848/L 02268996 26.03.2013 Książka Wypożyczalnia BG
© 2023 Biblioteka Politechniki Koszalińskiej :: KOHA